Loading...

Vainu Bappu Bharathathinte Galielieo Jeevacharithram/

Bibliographic Details
Main Author: Sreedharan Palliyara
Format: Printed Book
Published: Thiruvananthapuram: Chintha Publishers, 2018.
Subjects:
LEADER 00603nam a22001817a 4500
999 |c 144130  |d 144130 
020 |a 9789387842038 
082 |a 523.1  |b SRE/V 
100 |a Sreedharan Palliyara 
245 |a Vainu Bappu Bharathathinte Galielieo Jeevacharithram/  |c by Sreedharan Palliyara 
260 |a Thiruvananthapuram:  |b Chintha Publishers,  |c 2018. 
300 |a 56p. 
650 |a Cosmology 
650 |a Galaxies 
650 |a Astronomy 
650 |a Science 
942 |c BK 
952 |0 0  |1 0  |4 0  |6 523_100000000000000_SRE_V  |7 0  |9 101113  |a SSUS  |b SSUS  |c STACKS  |d 2019-11-21  |g 60.00  |o 523.1 SRE/V  |p 097725  |r 2019-11-21  |w 2019-11-21  |y BK